| 000 | 00432nam a2200181Ia 4500 | ||
|---|---|---|---|
| 005 | 20251020182612.0 | ||
| 008 | 200515s9999 xx 000 0 und d | ||
| 082 | _aSC/669.718/S38 | ||
| 100 | _aSENTAMANS, M. | ||
| 245 | 0 | _aCarpinterÃa del aluminio : Manual práctico | |
| 250 | _a2a ed. | ||
| 260 | _aBuenos Aires | ||
| 260 | _c1991 | ||
| 300 | _a178 | ||
| 650 | _aALUMINIO | ||
| 650 | _aCARPINTERIA METALICA | ||
| 942 | _cLIB | ||
| 999 |
_c3362 _d3362 |
||